000 00404nam a22001697a 4500
005 20180807144957.0
008 160624b xxu||||| |||| 00| 0 eng d
020 _a81-7722-375-5
041 _aeng
082 _b9923
_a658.3
100 _aKleiman, Lawrence S
_92684
245 _aHuman Resource Management
260 _bBigmanantra
_c2003
300 _a479p,
650 _aManagement
_9241
942 _cBK
999 _c3866
_d3865